00514nam a22001457a 450000500170000000800410001704100090005808200180006710000390008524500580012426000390018230000270022136500230024850000970027120260311144651.0260311b |||||||| |||| 00| 0 eng d aEng. a720.57bPUN.  aPunekar S.A.aLakshminarasimhan P. aflora of Anshi National Park Western Ghats- Karnataka aPunebBiospheres Publicationc2011 a254pbHBc29 x 22.5 cm aINR b1.00cRupaye a1) Introduction 2) Past and Present Work 3) Topography and General Features 4) Forest Biota